Stata User's Guide : (Record no. 13020)
[ view plain ]
| 000 -LEADER | |
|---|---|
| fixed length control field | 01579cam a2200361 a 4500 |
| 001 - CONTROL NUMBER | |
| control field | 15719615 |
| 005 - DATE AND TIME OF LATEST TRANSACTION | |
| control field | 20091117142250.0 |
| 008 - FIXED-LENGTH DATA ELEMENTS--GENERAL INFORMATION | |
| fixed length control field | 090430s2007 txua | b 001 0 eng d |
| 010 ## - LIBRARY OF CONGRESS CONTROL NUMBER | |
| LC control number | 2009277935 |
| 020 ## - INTERNATIONAL STANDARD BOOK NUMBER | |
| International Standard Book Number | 9781597180238 (pbk.) |
| 020 ## - INTERNATIONAL STANDARD BOOK NUMBER | |
| International Standard Book Number | 1597180238 (pbk.) |
| 035 ## - SYSTEM CONTROL NUMBER | |
| System control number | (OCoLC)ocn156570999 |
| 040 ## - CATALOGING SOURCE | |
| Original cataloging agency | MYG |
| Transcribing agency | MYG |
| Modifying agency | NLGGC |
| -- | MUQ |
| -- | DRB |
| -- | DLC |
| 042 ## - AUTHENTICATION CODE | |
| Authentication code | lccopycat |
| 050 00 - LIBRARY OF CONGRESS CALL NUMBER | |
| Classification number | HA32 |
| Item number | .S676 2007 |
| 082 00 - DEWEY DECIMAL CLASSIFICATION NUMBER | |
| Classification number | 001.4226 |
| Edition number | 22 |
| Item number | STA |
| 245 00 - TITLE STATEMENT | |
| Title | Stata User's Guide : |
| Remainder of title | release 10. |
| 246 14 - VARYING FORM OF TITLE | |
| Title proper/short title | Stata release 10 : |
| Remainder of title | user's guide |
| 246 18 - VARYING FORM OF TITLE | |
| Title proper/short title | Stata 10 user's guide |
| 260 ## - PUBLICATION, DISTRIBUTION, ETC. (IMPRINT) | |
| Place of publication, distribution, etc | College Station, Tex. : |
| Name of publisher, distributor, etc | StataCorp LP, |
| Date of publication, distribution, etc | c2007. |
| 300 ## - PHYSICAL DESCRIPTION | |
| Extent | ix, 356 p. : |
| Other physical details | ill. ; |
| Dimensions | 24 cm. |
| 500 ## - GENERAL NOTE | |
| General note | Donation |
| 504 ## - BIBLIOGRAPHY, ETC. NOTE | |
| Bibliography, etc | Includes bibliographical references and index. |
| 630 00 - SUBJECT ADDED ENTRY--UNIFORM TITLE | |
| Uniform title | Stata |
| Form subdivision | Handbooks, manuals, etc. |
| 9 (RLIN) | 9818 |
| 650 #0 - SUBJECT ADDED ENTRY--TOPICAL TERM | |
| Topical term or geographic name as entry element | Statistics |
| General subdivision | Computer programs |
| Form subdivision | Handbooks, manuals, etc. |
| 9 (RLIN) | 9819 |
| 650 #0 - SUBJECT ADDED ENTRY--TOPICAL TERM | |
| Topical term or geographic name as entry element | Statistics |
| General subdivision | Graphic methods |
| -- | Computer programs |
| Form subdivision | Handbooks, manuals, etc. |
| 9 (RLIN) | 9820 |
| 650 #0 - SUBJECT ADDED ENTRY--TOPICAL TERM | |
| Topical term or geographic name as entry element | Social sciences |
| General subdivision | Statistical methods |
| -- | Computer programs |
| Form subdivision | Handbooks, manuals, etc. |
| 9 (RLIN) | 9821 |
| 650 #0 - SUBJECT ADDED ENTRY--TOPICAL TERM | |
| Topical term or geographic name as entry element | Social sciences |
| General subdivision | Statistics |
| -- | Graphic methods |
| -- | Computer programs |
| Form subdivision | Handbooks, manuals, etc. |
| 9 (RLIN) | 9822 |
| 710 2# - ADDED ENTRY--CORPORATE NAME | |
| Corporate name or jurisdiction name as entry element | StataCorp LP. |
| 9 (RLIN) | 9823 |
| 942 ## - ADDED ENTRY ELEMENTS (KOHA) | |
| Source of classification or shelving scheme | Dewey Decimal Classification |
| Item type | Book - Borrowing |
| Withdrawn status | Item status | Source of classification or shelving scheme | Damaged status | Not for loan | Vendor | Home library | Current library | Shelving location | Date acquired | Source of acquisition | Total Checkouts | Full call number | Barcode | Date last seen | Koha item type | Public note |
|---|---|---|---|---|---|---|---|---|---|---|---|---|---|---|---|---|
| Dewey Decimal Classification | Central Library | Central Library | Lower Floor | 10/12/2009 | Donation | 001.4226 STA | 000019276 | 15/07/2025 | Book - Borrowing | Donation Release 10 |